Food contents of Arius Manillensis (kanduli) and therapon plumbeus ner (ayungin) selected ish species from Laguna De Bay : an analysis (Record no. 74279)
[ view plain ]
| 000 -LEADER | |
|---|---|
| fixed length control field | 00621nam a22001697i 4500 |
| 003 - CONTROL NUMBER IDENTIFIER | |
| control field | URS |
| 082 ## - DEWEY DECIMAL CLASSIFICATION NUMBER | |
| Classification number | 574.078 |
| Item number | Sa5f |
| 100 1# - MAIN ENTRY--PERSONAL NAME | |
| Personal name | Santos,Juvy A, |
| Relator term | author |
| 245 ## - TITLE STATEMENT | |
| Title | Food contents of Arius Manillensis (kanduli) and therapon plumbeus ner (ayungin) selected ish species from Laguna De Bay : an analysis |
| 260 ## - PUBLICATION, DISTRIBUTION, ETC. | |
| Place of publication, distribution, etc. | Morong,Rizal |
| Name of publisher, distributor, etc. | [publisher not identified] |
| Date of publication, distribution, etc. | 1988 |
| 300 ## - PHYSICAL DESCRIPTION | |
| Extent | 64 pages |
| Dimensions | 28 cm. |
| 336 ## - CONTENT TYPE | |
| Content type term | text |
| Content type code | txt |
| Source | rdacontent |
| 337 ## - MEDIA TYPE | |
| Media type term | unmediated |
| Media type code | n |
| Source | rdamedia |
| 338 ## - CARRIER TYPE | |
| Carrier type term | volume |
| Carrier type code | nc |
| Source | rdacarrier |
| 856 ## - ELECTRONIC LOCATION AND ACCESS | |
| Materials specified | Online Request for Student Unpublished Works |
| Uniform Resource Identifier | <a href="https://forms.gle/7LqvGGkaDrUQqz429">https://forms.gle/7LqvGGkaDrUQqz429</a> |
| 942 ## - ADDED ENTRY ELEMENTS (KOHA) | |
| Koha item type | |
No items available.